[Event "ch-Commonwealth"]
[Site "Nagpur IND"]
[Date "2008.10.03"]
[Round "7"]
[White "Arun Prasad,S"]
[Black "Ganguly,S"]
[Result "1/2-1/2"]
[WhiteElo "2492"]
[BlackElo "2631"]

1.d4 Nf6 2.c4 g6 3.Nc3 d5 4.cxd5 Nxd5 5.e4 Nxc3 6.bxc3 Bg7 7.Nf3 c5 8.Be3 Qa5
9.Qd2 Nc6 10.Rb1 a6 11.Rc1 cxd4 12.cxd4 Qxd2+ 13.Kxd2 f5 14.e5 Be6 15.Bc4 Bxc4
16.Rxc4 Rd8 17.Ke2 e6 18.Rb1 Rd7 19.a4 h6 20.h4 O-O 21.g3 Rc8 22.Rc2 Bf8
23.Bd2 Rcc7 24.Rc4 Kg7 25.Rbc1 Ba3 26.R1c2 Rd5 27.Bb4 Bxb4 28.Rxb4 Rcd7 29.Rbc4 Nxd4+
30.Nxd4 Rxd4 31.Rxd4 Rxd4 32.Rc7+ Kf8 33.Rxb7 Rxa4 34.f4 a5 35.Rb6 Ra2+ 36.Kf3 Ra3+
37.Kg2 Ke7 38.Rb7+ Kd8 39.Rg7 Rc3 40.Rxg6 Rc6 41.Rxh6 Ra6 42.Rh8+ Kc7 43.Rh7+ Kc6
44.Re7 Kd5 45.Rd7+ Kc4 46.Rc7+ Kb3 47.Rb7+ Kc4 48.Rc7+ Kb3  1/2-1/2

[Event "ch-Commonwealth"]
[Site "Nagpur IND"]
[Date "2008.10.03"]
[Round "7"]
[White "Rahman,Tai"]
[Black "Ashwin,J"]
[Result "1/2-1/2"]
[WhiteElo "2307"]
[BlackElo "2436"]

1.d4 Nf6 2.c4 g6 3.Nc3 d5 4.cxd5 Nxd5 5.e4 Nxc3 6.bxc3 Bg7 7.Nf3 c5 8.Rb1 O-O
9.Be2 b6 10.O-O Bb7 11.Qd3 e6 12.Bf4 cxd4 13.cxd4 Nc6 14.Rfd1 Nxd4 15.Nxd4 e5
16.Be3 exd4 17.Bxd4 Bxd4 18.Qxd4 Qxd4 19.Rxd4 Rfd8 20.Rbd1 Rxd4 21.Rxd4 Rc8
22.Bd1 Kf8 23.f3 Ke7 24.Kf2 Rc3 25.Bb3 Bc8 26.Rc4 Rxc4 27.Bxc4 Be6 28.Bxe6 fxe6
29.f4 e5 30.g3 b5 31.Ke3 Kd6 32.Kd3 a5 33.Kc3 Ke6 34.Kd3 Kf6 35.Kc3 h5 36.h4 Ke6
37.Kd3 Kd6 38.Kc3 Ke6 39.Kd3 Kf6 40.Kc3 Ke6 41.Kd3  1/2-1/2

[Event "ch-Commonwealth"]
[Site "Nagpur IND"]
[Date "2008.10.04"]
[Round "9"]
[White "Arun Prasad,S"]
[Black "Negi,P"]
[Result "1/2-1/2"]
[WhiteElo "2492"]
[BlackElo "2529"]

1.d4 Nf6 2.c4 g6 3.Nc3 d5 4.cxd5 Nxd5 5.e4 Nxc3 6.bxc3 Bg7 7.Nf3 c5 8.Rb1 O-O
9.Be2 cxd4 10.cxd4 Qa5+ 11.Bd2 Qxa2 12.O-O Bg4 13.Bg5 h6 14.Be3 Nc6 15.Rxb7 Rab8
16.Rxb8 Rxb8 17.h3 Bxf3 18.Bxf3 Rd8 19.d5 Ne5 20.Qc1 a5 21.Qc7 Re8 22.Bf4 Qb2
23.Qxa5 Nxf3+ 24.gxf3 Qf6 25.Qc7 g5 26.Bg3 Qxf3 27.Qd7 Ra8 28.Qg4 Qc3 29.h4 Qc8
30.Qxc8+ Rxc8 31.hxg5 hxg5 32.Rb1 f5 33.exf5 Rf8 34.d6  1/2-1/2

[Event "TCh-AUT 2nd Bundesliga Ost 2008-9"]
[Site "Austria AUT"]
[Date "2008.10.05"]
[Round "3"]
[White "Wukits,R"]
[Black "Plachetka,J"]
[Result "1-0"]
[WhiteElo "2318"]
[BlackElo "2406"]

1.d4 Nf6 2.c4 g6 3.Nc3 d5 4.cxd5 Nxd5 5.e4 Nxc3 6.bxc3 Bg7 7.Bc4 c5 8.Ne2 Nc6
9.Be3 O-O 10.Rc1 cxd4 11.cxd4 Qa5+ 12.Kf1 Rd8 13.Qb3 e6 14.d5 Ne5 15.dxe6 Nxc4
16.exf7+ Kxf7 17.Rxc4 Be6 18.Nf4 Rd1+ 19.Ke2 Rxh1 20.Qxb7+ Kg8 21.Qxa8+ Bf8
22.Nxe6 Re1+ 23.Kf3 Qh5+ 24.Kg3 Qe5+ 25.Nf4  1-0

[Event "58th TCh m 1st Div"]
[Site "Borovets BUL"]
[Date "2008.10.05"]
[Round "5"]
[White "Vasilev,M"]
[Black "Drenchev,P"]
[Result "1-0"]
[WhiteElo "2477"]
[BlackElo "2443"]

1.d4 Nf6 2.c4 g6 3.Nc3 d5 4.cxd5 Nxd5 5.e4 Nxc3 6.bxc3 Bg7 7.Bc4 c5 8.Ne2 O-O
9.O-O Nc6 10.Be3 Qc7 11.d5 Na5 12.Bd3 e6 13.Rb1 exd5 14.exd5 c4 15.Bc2 Bg4
16.f3 Bd7 17.d6 Qc8 18.Bd4 Bf5 19.Bxf5 Qxf5 20.Bxg7 Kxg7 21.Nd4 Qf4 22.Re1 Kg8
23.Rb5 b6 24.Rd5 Nb7 25.Nc6 Qf6 26.Qd4 Kg7 27.Re7 Rfc8 28.Ne5 Nd8 29.Qe3 Qh4
30.g3 Qh3 31.Ng4 Nc6 32.Qf4 Nxe7 33.Qe5+ Kg8 34.dxe7  1-0

[Event "ch-Commonwealth"]
[Site "Nagpur IND"]
[Date "2008.10.06"]
[Round "11"]
[White "Karthikeyan,P"]
[Black "Kiran,M"]
[Result "1/2-1/2"]
[WhiteElo "2402"]
[BlackElo "2246"]

1.d4 Nf6 2.c4 g6 3.Nc3 d5 4.cxd5 Nxd5 5.e4 Nxc3 6.bxc3 Bg7 7.Bb5+ c6 8.Ba4 O-O
9.Ne2 b5 10.Bb3 Bb7 11.f3 c5 12.Be3 Qc7 13.O-O Nc6 14.Rc1 c4 15.Bc2 a6 16.f4 e6
17.h4 f5 18.h5 Ne7 19.hxg6 hxg6 20.Ng3 Rad8 21.Qe1 Qc8 22.Rd1 Qa8 23.Rf2 Rfe8
24.Re2 Kf7 25.d5 Bxd5 26.exd5 Nxd5 27.Bd2 Qa7+ 28.Kf1 Qc7 29.Ne4 fxe4 30.Rxe4 Rh8
31.Ke2 Qe7 32.Kf3  1/2-1/2

[Event "1st WMSG Rapid Ind KO"]
[Site "Beijing CHN"]
[Date "2008.10.07"]
[Round "1.2"]
[White "Korobov,A"]
[Black "Fier,A"]
[Result "1/2-1/2"]
[WhiteElo "2605"]
[BlackElo "2581"]

1.d4 Nf6 2.c4 g6 3.Nc3 d5 4.cxd5 Nxd5 5.e4 Nxc3 6.bxc3 Bg7 7.Bc4 c5 8.Ne2 Nc6
9.Be3 O-O 10.O-O Na5 11.Bd3 b6 12.Qd2 e5 13.dxc5 Be6 14.Rfd1 Qc7 15.cxb6 axb6
16.Bh6 Nc4 17.Bxc4 Qxc4 18.Bxg7 Kxg7 19.Ng3 f6 20.Qd6 b5 21.h4 Bf7 22.h5 Qe6
23.Qb4 Qc4 24.Qd6 Qe6 25.Qb4 Qc4 26.Qd6 Qe6 27.Qc5 Qc4 28.Qe3 Qc6 29.h6+ Kg8
30.Rd2 Rac8 31.Ne2 Rcd8 32.Rad1 Rxd2 33.Rxd2 Ra8 34.Ng3 Kf8 35.f4 exf4 36.Qxf4 Qxc3
37.Rd7 Qc5+ 38.Kh2 Qe5 39.Qxe5 fxe5 40.Rb7 Rxa2 41.Rxb5 Ke7 42.Rxe5+ Kf6
43.Rc5 Ra4 44.Kg1 Rc4 45.Ra5 g5 46.Rf5+ Kg6 47.Rf2 Rc1+ 48.Kh2 Rc4 49.Rf3 Be6
50.Rf8 Bg4 51.e5 Rc6 52.Ne4 Kxh6 53.Nd6 Kg7 54.Rf7+ Kg8 55.Ra7 h6 56.Kg3 Be6
57.Re7 Bd5 58.Kg4 Kf8 59.Ra7 Be6+ 60.Kh5 Rc2 61.Kg6 Rf2 62.g3 Rf3 63.Rb7 g4
64.Rh7 Ba2 65.Nf5 Ke8 66.Kf6 Rxf5+ 67.Kxf5 Bb1+ 68.Kxg4 Bxh7 69.Kh5  1/2-1/2

[Event "Chigorin Memorial"]
[Site "St Petersburg RUS"]
[Date "2008.10.10"]
[Round "8"]
[White "Zontakh,A"]
[Black "Belov,Vl"]
[Result "1/2-1/2"]
[WhiteElo "2579"]
[BlackElo "2579"]

1.d4 Nf6 2.c4 g6 3.Nc3 d5 4.cxd5 Nxd5 5.e4 Nxc3 6.bxc3 Bg7 7.Nf3 c5 8.Be3 Qa5
9.Qd2 O-O 10.Rc1 Rd8  1/2-1/2

[Event "1st WMSG Blitz Team"]
[Site "Beijing CHN"]
[Date "2008.10.13"]
[Round "4"]
[White "Erdos,V"]
[Black "Gopal,G"]
[Result "0-1"]
[WhiteElo "2577"]
[BlackElo "2548"]

1.d4 Nf6 2.c4 g6 3.Nc3 d5 4.cxd5 Nxd5 5.e4 Nxc3 6.bxc3 Bg7 7.Bc4 c5 8.Ne2 Nc6
9.Be3 O-O 10.O-O Na5 11.Bd3 b6 12.e5 Bb7 13.Nf4 Rc8 14.Qg4 cxd4 15.cxd4 Nc6
16.Rad1 Nb4 17.Bb1 Nd5 18.h4 Nxf4 19.Bxf4 Rc4 20.Be3 Qc8 21.Qg3 h5 22.Bd3 Rc3
23.Rc1 e6 24.Bd2 Rxc1 25.Rxc1 Qd7 26.Qe3 Rc8 27.Rxc8+ Qxc8 28.Bb4 Qc6 29.f3 Qa4
30.Qd2 Bf8 31.Bc3 Bd5 32.Bb1 b5 33.Kf2 b4 34.Ba1 b3 35.g4 bxa2 36.Bc2 Qa3
37.Qe3 hxg4 38.Qxa3 g3+ 39.Kxg3 Bxa3 40.Kf4 Bc1+ 41.Kg3 Be3 42.Be4 a5 43.Bxd5 exd5
44.f4 a4 45.Kf3 Bc1  0-1

[Event "1st WMSG Blitz Team w"]
[Site "Beijing CHN"]
[Date "2008.10.13"]
[Round "5"]
[White "Ni,V"]
[Black "Tsai,C"]
[Result "1-0"]
[WhiteElo "2168"]
[BlackElo "2152"]

1.d4 Nf6 2.c4 g6 3.Nc3 d5 4.cxd5 Nxd5 5.e4 Nxc3 6.bxc3 Bg7 7.Bc4 c5 8.Ne2 Nc6
9.Be3 O-O 10.O-O Bg4 11.f3 Na5 12.Bxf7+ Rxf7 13.fxg4 Rxf1+ 14.Kxf1 cxd4 15.cxd4 Qd7
16.h3 b5 17.Rb1 a6 18.Kg1 Nc4 19.Bf2 Rd8 20.d5 e6 21.Nf4 exd5 22.Nxd5 Re8
23.Nf6+ Bxf6 24.Qxd7 Rd8 25.Qe6+ Kg7 26.Qxa6 Nd2 27.Rxb5 Nxe4 28.Rb7+ Kh8
29.Qe6 Bg5 30.Qxe4 Rd1+ 31.Kh2 Rd8 32.Qe5+  1-0

[Event "1st WMSG Blitz Team w"]
[Site "Beijing CHN"]
[Date "2008.10.13"]
[Round "6"]
[White "Zechner,A"]
[Black "Panella,F"]
[Result "0-1"]
[WhiteElo "1986"]
[BlackElo "2004"]

1.d4 Nf6 2.c4 g6 3.Nc3 d5 4.cxd5 Nxd5 5.e4 Nxc3 6.bxc3 Bg7 7.Bc4 c5 8.Ne2 Qa5
9.O-O O-O 10.Be3 Rd8 11.Qb3 e6 12.Rfd1 Nd7 13.d5 Ne5 14.dxe6 Nxc4 15.exf7+ Kxf7
16.Qxc4+ Be6 17.Rxd8 Bxc4 18.Rxa8 Bxe2 19.Re1 Bc4 20.Rc8 Qxc3 21.Rc1 Qd3
22.Rxc5 b5 23.Rc7+ Kf8 24.Rxa7 Bb2 25.Re1 Bxa2 26.Rxa2 Bc3 27.Rc1 b4 28.Ra7 b3
29.Rb7 b2 30.Rf1 Qxe4 31.Rd1 Qxb7 32.Bc5+ Kg8  0-1

[Event "1st WMSG Blitz Team"]
[Site "Beijing CHN"]
[Date "2008.10.13"]
[Round "9"]
[White "Genutis,M"]
[Black "Feldman,V"]
[Result "1-0"]
[WhiteElo "2325"]
[BlackElo "2298"]

1.d4 Nf6 2.c4 g6 3.Nc3 d5 4.cxd5 Nxd5 5.e4 Nxc3 6.bxc3 Bg7 7.Nf3 c5 8.Rb1 O-O
9.Be2 Nc6 10.d5 Ne5 11.Nxe5 Bxe5 12.Qd2 e6 13.f4 Bc7 14.O-O exd5 15.exd5 Ba5
16.Ba3 b6 17.Bb4 Bf5 18.Rbd1 cxb4 19.cxb4 Qd6 20.bxa5 Qc5+ 21.Kh1 bxa5 22.Bf3 Rad8
23.g4 Bd7 24.f5 Qb4 25.Qh6 Qc3 26.Bg2 Qg7 27.Qf4 Rfe8 28.Qc7 Ba4 29.Rde1 f6
30.Qxa5 g5 31.Qxa4 Qf7 32.Re6 Rf8 33.d6 h5 34.Rfe1 hxg4 35.Qxg4 Rd7 36.Re7 Re8
37.Qd4 Kg7 38.Qe3 g4 39.Rf1 Qxe7 40.dxe7 Rdxe7 41.Qf3 Kf7 42.Rg1 Kf8 43.Bh3  1-0

[Event "Belgrade Premier League"]
[Site "Belgrade SRB"]
[Date "2008.10.13"]
[Round "9"]
[White "Sekulic,D"]
[Black "Nestorovic,De"]
[Result "0-1"]
[WhiteElo "2321"]
[BlackElo "2424"]

1.d4 Nf6 2.c4 g6 3.Nc3 d5 4.cxd5 Nxd5 5.e4 Nxc3 6.bxc3 Bg7 7.Bb5+ c6 8.Ba4 O-O
9.Ne2 b6 10.O-O Ba6 11.e5 c5 12.Be3 Qc8 13.f4 e6 14.Re1 Rd8 15.Ng3 Bb7 16.Bf2 Na6
17.Qg4 Nc7 18.dxc5 bxc5 19.Ne4 Bxe4 20.Rxe4 Nd5 21.Rc1 Qa6 22.g3 c4 23.Bd1 Qa3
24.Rc2 Nxc3 25.Re3 Rd3 26.Be2 Rxe3 27.Bxe3 Nxa2 28.Qf3 Rc8 29.Rxc4 Rxc4 30.Bxc4 a5
31.Qa8+ Bf8 32.Kf2 Nc3 33.Qd8 Qb4 34.Qc8 Nd1+ 35.Ke2 Nxe3 36.Kxe3 a4 37.Kd3 a3
38.g4 Qb1+ 39.Ke2 Qc2+  0-1

[Event "1st WMSG Rapid Team w"]
[Site "Beijing CHN"]
[Date "2008.10.14"]
[Round "2"]
[White "Isaeva,Ak"]
[Black "Panella,F"]
[Result "1-0"]
[WhiteElo "2063"]
[BlackElo "2004"]

1.d4 Nf6 2.c4 g6 3.Nc3 d5 4.cxd5 Nxd5 5.e4 Nxc3 6.bxc3 Bg7 7.Bc4 c5 8.Ne2 O-O
9.O-O Nc6 10.Be3 Bg4 11.f3 cxd4 12.cxd4 Na5 13.Bxf7+ Rxf7 14.fxg4 Rxf1+ 15.Kxf1 e5
16.d5 Qh4 17.h3 Rf8+ 18.Kg1 Nc4 19.Qb3 b5 20.Bxa7 Bh6 21.Qd3 Qf6 22.Bc5 Rc8
23.Bf2 Rf8 24.Bc5 Rc8 25.Rf1 Qa6 26.Bb4 Ne3 27.Rf3 Qxa2 28.Bc3 Bf4 29.Rxe3 Bxe3+
30.Qxe3 Qc2 31.Bxe5 b4 32.Qh6 Qd1+ 33.Kh2 Kf7 34.Qg7+ Ke8 35.Bd6  1-0

[Event "1st WMSG Rapid Team"]
[Site "Beijing CHN"]
[Date "2008.10.15"]
[Round "4"]
[White "Arlandi,E"]
[Black "Livshits,G"]
[Result "1/2-1/2"]
[WhiteElo "2425"]
[BlackElo "2427"]

1.d4 Nf6 2.c4 g6 3.Nc3 d5 4.cxd5 Nxd5 5.e4 Nxc3 6.bxc3 Bg7 7.Bc4 c5 8.Ne2 Nc6
9.Be3 O-O 10.O-O Bd7 11.Rb1 Qc7 12.Bd3 Rad8 13.Qd2 Bc8 14.Rfc1 Qd6 15.d5 Ne5
16.Bf4 f5 17.c4 fxe4 18.Bxe4 b6 19.Rb3 Bf5 20.Bxf5 Rxf5 21.Ng3 Nxc4 22.Rxc4 Rxd5
23.Qe2 Rd1+ 24.Nf1 Qf6 25.Re4 Qa1 26.Rbe3 Bf6 27.Qc4+ R8d5 28.Be5 Qc1 29.Rc3 Rxf1+
30.Qxf1 Qxf1+ 31.Kxf1 Bxe5 32.Ra3 Bf6 33.Rxa7 Rd1+ 34.Ke2 Rb1 35.a4 Rb2+
36.Kf3 Rb3+ 37.Re3 Rb4 38.g3 Kf7 39.h4 c4 40.Re4 Rb3+ 41.Kg2 c3 42.Rc7 Rb2
43.Rec4 b5 44.axb5 Rxb5 45.f4 h5 46.Kf3 Rb1 47.Kf2 Rd1  1/2-1/2

[Event "1st WMSG Rapid Team w"]
[Site "Beijing CHN"]
[Date "2008.10.15"]
[Round "5"]
[White "Vasilevich,T"]
[Black "Harika,D"]
[Result "1/2-1/2"]
[WhiteElo "2368"]
[BlackElo "2461"]

1.d4 Nf6 2.c4 g6 3.Nc3 d5 4.cxd5 Nxd5 5.e4 Nxc3 6.bxc3 Bg7 7.Nf3 c5 8.Rb1 O-O
9.Be2 b6 10.O-O Bb7 11.Qc2 Qc7 12.d5 Nd7 13.c4 Rae8 14.Bb2 Bxb2 15.Qxb2 e6
16.a4 exd5 17.exd5 Ba6 18.Rfe1 Re7 19.Qd2 Qd6 20.a5 Rfe8 21.Bf1 f6 22.h3 Kf7
23.Qc3 Rxe1 24.Rxe1 Rxe1 25.Qxe1 Ne5 26.Nxe5+ Qxe5 27.Qxe5 fxe5 28.axb6 axb6
29.f3 Ke7 30.Kf2 Kd6 31.Ke3 e4 32.Kxe4  1/2-1/2

[Event "1st WMSG Rapid Team"]
[Site "Beijing CHN"]
[Date "2008.10.16"]
[Round "7"]
[White "Genutis,M"]
[Black "Feldman,V"]
[Result "0-1"]
[WhiteElo "2325"]
[BlackElo "2298"]

1.d4 Nf6 2.c4 g6 3.Nc3 d5 4.cxd5 Nxd5 5.e4 Nxc3 6.bxc3 Bg7 7.Nf3 c5 8.Rb1 O-O
9.Be2 Nc6 10.d5 Ne5 11.Nxe5 Bxe5 12.Qd2 e6 13.f4 Bc7 14.O-O exd5 15.exd5 Ba5
16.Ba3 b6 17.Bf3 Bf5 18.Rbd1 Qf6 19.Bb4 Bxb4 20.cxb4 Qd6 21.bxc5 Qxc5+ 22.Kh1 Rad8
23.Rfe1 Rfe8 24.h3 Rxe1+ 25.Rxe1 Bc8 26.Re5 f6 27.Re1 Bb7 28.Qb2 Qd6 29.f5 Bc8
30.fxg6 hxg6 31.Qc2 Bf5 32.Qa4 a5 33.Rc1 Qg3 34.Rf1 Kg7 35.Qc6 Qd6 36.Qb7+ Rd7
37.Qa6 Rc7 38.Qb5 Rc2 39.Qa6 Bxh3 40.Qb7+ Kh6 41.Qf7 Qg3 42.Qf8+ Kg5 43.Rg1 Bf5
44.Qh8 Rxa2 45.d6 Rd2 46.Rf1 Qh4+ 47.Qxh4+ Kxh4 48.g4 Bd7  0-1

[Event "1st WMSG Rapid Team w"]
[Site "Beijing CHN"]
[Date "2008.10.16"]
[Round "7"]
[White "Ni,V"]
[Black "Prismontaite,R"]
[Result "1-0"]
[WhiteElo "2168"]
[BlackElo "2011"]

1.d4 Nf6 2.c4 g6 3.Nc3 d5 4.cxd5 Nxd5 5.e4 Nxc3 6.bxc3 Bg7 7.Bc4 c5 8.Ne2 O-O
9.O-O Nc6 10.Be3 Qc7 11.dxc5 Na5 12.Bd3 e5 13.Qc1 Rd8 14.Rd1 Be6 15.c4 Bf8
16.Nc3 f5 17.Nd5 Qf7 18.Bg5 Rdc8 19.Qc3 Nc6 20.exf5 gxf5 21.Be2 Bxd5 22.cxd5 Nd4
23.Rxd4 exd4 24.Qg3 Qg7 25.Rd1 Rxc5 26.Qh4 Rac8 27.Bf6 Qh6 28.Qxd4 Bg7 29.Bxg7 Qxg7
30.Qe3 Qc7 31.d6 Qd7 32.Qg5+ Qg7 33.Qe3 Re5 34.Qb3+ Qf7 35.Qb2 Qg7 36.Qb3+ Qf7
37.Qb2 Qg7 38.Bf3 Re1+ 39.Rxe1 Qxb2 40.d7 Qc3 41.dxc8=Q+ Qxc8 42.Bd5+ Kg7
43.Re7+ Kf6 44.Re6+ Kg5 45.g3 Qc1+ 46.Kg2 Qc5 47.h4+ Kh5 48.Bf3+  1-0

[Event "1st WMSG Rapid Team w"]
[Site "Beijing CHN"]
[Date "2008.10.16"]
[Round "9"]
[White "Ni,V"]
[Black "Carlsen,E"]
[Result "1-0"]
[WhiteElo "2168"]
[BlackElo "1888"]

1.d4 Nf6 2.c4 g6 3.Nc3 d5 4.cxd5 Nxd5 5.e4 Nxc3 6.bxc3 Bg7 7.Bc4 O-O 8.Ne2 c5
9.O-O Nc6 10.Be3 Qc7 11.dxc5 Ne5 12.Bb3 Ng4 13.Bf4 Qxc5 14.h3 Ne5 15.Be3 Qc7
16.Bd4 b6 17.f4 Nc6 18.e5 Na5 19.Ng3 Ba6 20.Re1 Nc4 21.Qe2 Rac8 22.f5 Kh8
23.f6 Bh6 24.Qg4 Rfe8 25.Qh4 Bf8 26.e6 Kg8 27.Ne4 Red8 28.exf7+ Kxf7 29.Qxh7+ Ke8
30.fxe7 Bxe7 31.Nf6+  1-0

[Event "12th Essent Open"]
[Site "Hoogeveen NED"]
[Date "2008.10.17"]
[Round "1"]
[White "Wempe,Jo"]
[Black "Gupta,Ab"]
[Result "0-1"]
[WhiteElo "2291"]
[BlackElo "2580"]

1.d4 Nf6 2.c4 g6 3.Nc3 d5 4.cxd5 Nxd5 5.e4 Nxc3 6.bxc3 Bg7 7.Nf3 c5 8.Rb1 O-O
9.Be2 b6 10.O-O Bb7 11.Qd3 e6 12.Bf4 cxd4 13.cxd4 Nc6 14.d5 exd5 15.exd5 Ne7
16.d6 Nd5 17.Bg3 Rc8 18.Bd1 Rc3 19.Qd2 Rc5 20.Rc1 Nc3 21.Bb3 Re8 22.d7 Re7
23.Rcd1 Nxd1 24.Rxd1 Bc6 25.Bh4 Qxd7 26.Bxe7 Qxe7 27.h4 Bf6 28.Qd6 Qxd6 29.Rxd6 Kg7
30.Ng5 Rc1+ 31.Rd1 Rxd1+ 32.Bxd1 Bd5 33.a4 Bxg5 34.hxg5 Kf8 35.Kf1 Ke7 36.Ke2 Bxg2
37.Kd3 Ke6 38.Bg4+ Ke5 39.Bd7 Kf4 40.Be8 Bd5  0-1

[Event "IM"]
[Site "Petah Tiqwa ISR"]
[Date "2008.10.17"]
[Round "1"]
[White "Galburd,Y"]
[Black "Popilski,G"]
[Result "0-1"]
[WhiteElo "2267"]
[BlackElo "2394"]

1.d4 Nf6 2.c4 g6 3.Nc3 d5 4.cxd5 Nxd5 5.e4 Nxc3 6.bxc3 Bg7 7.Bc4 c5 8.Ne2 Nc6
9.Be3 O-O 10.O-O Bg4 11.f3 Bd7 12.Rb1 Rc8 13.Bd3 Qc7 14.d5 Ne5 15.c4 a6 16.Nc1 f5
17.exf5 gxf5 18.Re1 Ng6 19.Nb3 b6 20.Nd2 Be5 21.Nf1 Kh8 22.Bc1 Bd4+ 23.Kh1 Rf7
24.Qd2 Rg7 25.Ng3 Rf7 26.Ne2 Bg7 27.Bb2 Rg8 28.Ng3 Nf4 29.Bf1 Qd6 30.Bc1 Ng6
31.Nh5 Bd4 32.Bb2 e5 33.dxe6 Bxe6 34.Bc3 Rb8 35.Rbd1 Rd8 36.Qb2 Bc8 37.Rd2 Rfd7
38.Ng3 Qf6 39.Bxd4 cxd4 40.Red1 Nf4 41.Ne2 Nxe2 42.Bxe2 Rd6 43.Qc2 Qh4 44.g3 Qf6
45.Bf1 Bb7 46.Bg2 Qe5 47.Qd3 Re8 48.Kg1 f4 49.Kf2 fxg3+ 50.hxg3 Rg8 51.g4 Qf4
52.Rh1 h6 53.Re2 Rxg4 54.Rh3 Rdg6 55.Bh1 Rg3 56.Rh5 Rxf3+ 57.Qxf3 Bxf3 58.Re8+ Kg7
59.Bxf3 Rg3  0-1

[Event "24th ECC"]
[Site "Kallithea GRE"]
[Date "2008.10.18"]
[Round "2"]
[White "Braun,A"]
[Black "Borisek,J"]
[Result "1-0"]
[WhiteElo "2567"]
[BlackElo "2548"]

1.d4 Nf6 2.c4 g6 3.Nc3 d5 4.cxd5 Nxd5 5.e4 Nxc3 6.bxc3 Bg7 7.Bg5 c5 8.Rc1 Qa5
9.Qd2 h6 10.Be3 cxd4 11.cxd4 Qxd2+ 12.Kxd2 O-O 13.Rc7 Nc6 14.d5 Rd8 15.Bd3 Be5
16.Rxc8 Raxc8 17.dxc6 Rxc6 18.Nf3 Bg7 19.Ke2 Rc3 20.Rd1 a6 21.e5 e6 22.Bd4 Rcc8
23.a4 Rd5 24.Ke3 Ra5 25.Ra1 Bf8 26.Nd2 Bc5 27.Nc4 Bxd4+ 28.Kxd4 Rd5+ 29.Ke3 Rcd8
30.Be4 Rc5 31.Nd6 Rxe5 32.Kf4 f6 33.Nxb7 g5+ 34.Kg3 Rd4 35.Bf3 g4 36.Rd1 Rxa4
37.Bxg4 Rg5 38.f4 Rg6 39.Rd8+ Kh7 40.Nc5 Ra3+ 41.Kh4 f5 42.Bf3 Rg8 43.Rd7+ Rg7
44.Rd6 Re7 45.Nxe6 Re3 46.Bd5 Rd3 47.Nf8+  1-0

[Event "LiraH Autumn"]
[Site "Lichtenrade GER"]
[Date "2008.10.18"]
[Round "1"]
[White "Haemmerlein,T"]
[Black "Bergmann,Je"]
[Result "1-0"]
[WhiteElo "2179"]
[BlackElo "2235"]

1.d4 Nf6 2.c4 g6 3.Nc3 d5 4.cxd5 Nxd5 5.e4 Nxc3 6.bxc3 Bg7 7.Bc4 c5 8.Ne2 Qa5
9.O-O Nc6 10.Be3 cxd4 11.cxd4 O-O 12.Rb1 a6 13.Qb3 e6 14.d5 exd5 15.exd5 Ne5
16.Bb6 Qd2 17.Rbd1 Qh6 18.Ng3 Qh4 19.Be2 Re8 20.f3 Nd7 21.Bf2 Qf4 22.Ne4 Qe5
23.Bd4 Qe7 24.Bxg7 Kxg7 25.d6 Qd8 26.Bc4 f6 27.Be6 b5 28.Kh1 Qb6 29.Bxd7 Bxd7
30.Qb2 Re6 31.Qa1 h6 32.Rc1 Bc6 33.Nc5 Rxd6 34.Rfe1 Re8 35.Qc3 Rxe1+ 36.Qxe1 Kf7
37.Qe3 g5 38.h4 Qd8 39.Re1 Bd5 40.h5 f5 41.Qe5 Qf6 42.Qe8+ Kg7 43.Nd7 Rxd7
44.Qxd7+ Bf7 45.a3 g4 46.Qe7 gxf3 47.gxf3 Qxe7 48.Rxe7 a5 49.Re5 b4 50.a4 Kf6
51.f4 Bxh5 52.Rxa5 Be2 53.Rc5 Ke6 54.Re5+  1-0

[Event "24th ECC"]
[Site "Kallithea GRE"]
[Date "2008.10.19"]
[Round "3"]
[White "Yevseev,D"]
[Black "Roiz,M"]
[Result "1/2-1/2"]
[WhiteElo "2534"]
[BlackElo "2677"]

1.d4 Nf6 2.c4 g6 3.Nc3 d5 4.cxd5 Nxd5 5.e4 Nxc3 6.bxc3 Bg7 7.Nf3 c5 8.Rb1 O-O
9.Be2 b6 10.O-O Bb7 11.Qd3 e6 12.Bg5 Qc7 13.Qe3 Nd7 14.e5 Rae8 15.Bb5 Bc6
16.Bxc6 Qxc6  1/2-1/2

[Event "24th ECC"]
[Site "Kallithea GRE"]
[Date "2008.10.19"]
[Round "3"]
[White "Dambacher,M"]
[Black "Maki,V"]
[Result "0-1"]
[WhiteElo "2485"]
[BlackElo "2413"]

1.d4 Nf6 2.c4 g6 3.Nc3 d5 4.cxd5 Nxd5 5.e4 Nxc3 6.bxc3 Bg7 7.Bc4 c5 8.Ne2 Nc6
9.Be3 O-O 10.O-O Qc7 11.Rc1 Rd8 12.Qd2 Qa5 13.Rfd1 a6 14.Qc2 b5 15.Bd5 Qc7
16.Bf4 Qb7 17.dxc5 Bd7 18.Bg5 Be8 19.Nd4 Rdc8 20.c4 b4 21.Nxc6 Bxc6 22.Rb1 a5
23.a3 e6 24.Bxc6 Qxc6 25.axb4 axb4 26.Bd2 Qxc5 27.Bxb4 Qc6 28.g3 h5 29.Be7 Ra4
30.c5 Bd4 31.Qb3 Qxe4 32.Re1 Qc6 33.Rbc1 Rca8 34.Qd3 e5 35.Re2 Ra1 36.Ree1 R8a2
37.Qxd4 exd4 38.Rxa1 Rxa1 39.Rxa1 d3 40.Bg5 Qxc5 41.h4 Qd4 42.Rd1 Kg7 43.Re1 f6
44.Be3 Qd5 45.Bf4 Kf7 46.Be3 Ke6 47.Rd1 Kf5 48.f3 Qxf3 49.Rf1 Ke4 50.Rxf3 Kxf3
51.Bf4 Ke2 52.Kg2 d2 53.Bxd2 Kxd2 54.Kf2 Kd3 55.Kf3 g5 56.g4 hxg4+ 57.Kxg4 gxh4  0-1

[Event "13th ECC w"]
[Site "Kallithea GRE"]
[Date "2008.10.19"]
[Round "3"]
[White "Atalik,E"]
[Black "Lahno,Kateri"]
[Result "1-0"]
[WhiteElo "2432"]
[BlackElo "2488"]

1.d4 Nf6 2.c4 g6 3.Nc3 d5 4.cxd5 Nxd5 5.e4 Nxc3 6.bxc3 Bg7 7.Bc4 c5 8.Ne2 Nc6
9.Be3 O-O 10.O-O Bd7 11.Rb1 Qc7 12.Bf4 Qc8 13.Rc1 a6 14.Qd2 b5 15.Bb3 e5
16.Bh6 c4 17.Bc2 f6 18.Bxg7 Kxg7 19.f4 Qc7 20.h3 Rad8 21.fxe5 fxe5 22.Qg5 Qd6
23.d5 Ne7 24.Kh1 Ng8 25.Ng1 Nf6 26.Rf3 a5 27.Rcf1 b4 28.R3f2 Rde8 29.Qe3 h6
30.Nf3 Rf7 31.Nd2 Bb5 32.Bd1 Rc8 33.Be2 Qc5 34.Qg3 Qd6 35.Bh5 Nxh5 36.Rxf7+ Kh8
37.Qe3 g5 38.Qa7 Ng3+ 39.Kg1 Qc5+ 40.Qxc5 Rxc5 41.Rf8+ Kg7 42.R1f7+ Kg6 43.Nf3 bxc3
44.Nxe5+ Kh5 45.Kh2 c2 46.Rf1 Rc8 47.R8f6 Re8 48.Kxg3 Rxe5 49.Kf3  1-0

[Event "WYCC Boys U14"]
[Site "Vung Tau City VIE"]
[Date "2008.10.20"]
[Round "1"]
[White "Munasinghe,L"]
[Black "Bok,B"]
[Result "0-1"]
[WhiteElo "1921"]
[BlackElo "2265"]

1.d4 Nf6 2.c4 g6 3.Nc3 d5 4.cxd5 Nxd5 5.e4 Nxc3 6.bxc3 Bg7 7.Nf3 c5 8.Be3 Qa5
9.Qd2 Nc6 10.Rb1 a6 11.Rc1 cxd4 12.cxd4 Qxd2+ 13.Kxd2 e6 14.Bc4 O-O 15.Ke2 b5
16.Bd3 Bb7 17.Rhd1 Rfd8 18.Bb1 Rac8 19.d5 exd5 20.exd5 Nb4 21.Rxc8 Bxc8 22.d6 Be6
23.a3 Nd5 24.Kf1 Rxd6 25.Kg1 Rd7 26.Bc5 Rc7 27.Bd6 Rc6 28.Be5 Bxe5 29.Nxe5 Rc3
30.h3 Rxa3 31.Be4 Nc3 32.Rd8+ Kg7 33.Bf3 b4 34.Nd3 b3 35.Rb8 Bc4 36.Nb2 Bb5
37.Rd8 Ra2 38.Nd3 Bxd3 39.Rxd3 b2 40.Rxc3 b1=Q+ 41.Kh2 Qb8+ 42.g3 Rxf2+  0-1

[Event "12th Essent Open"]
[Site "Hoogeveen NED"]
[Date "2008.10.22"]
[Round "6"]
[White "Hort,V"]
[Black "Safarli,E"]
[Result "1-0"]
[WhiteElo "2478"]
[BlackElo "2568"]

1.d4 Nf6 2.c4 g6 3.Nc3 d5 4.cxd5 Nxd5 5.e4 Nxc3 6.bxc3 Bg7 7.Be3 c5 8.Nf3 Nc6
9.Rc1 cxd4 10.cxd4 O-O 11.d5 Na5 12.Be2 e6 13.O-O exd5 14.exd5 Bf5 15.Qd2 b6
16.Bf4 Be4 17.d6 Bc6 18.Nd4 Ba4 19.Bf3 Rb8 20.Rfe1 Qf6 21.Nc6 Bxc6 22.Bxc6 Rbd8
23.Bd5 Qf5 24.h3 g5 25.Bh2 Rfe8 26.Rxe8+ Rxe8 27.Bf3 Rd8 28.Bg3 Qf6 29.Rc7 h6
30.Bd5 Rf8 31.d7 h5 32.Rc8 Rd8 33.Be5 Qe7 34.Bc7 Kh7 35.Rxd8  1-0

[Event "USCL 2008"]
[Site "ICC INT"]
[Date "2008.10.22"]
[Round "9"]
[White "Serper,G"]
[Black "Ehlvest,J"]
[Result "1/2-1/2"]
[WhiteElo "2522"]
[BlackElo "2581"]

1.d4 Nf6 2.c4 g6 3.Nc3 d5 4.cxd5 Nxd5 5.e4 Nxc3 6.bxc3 Bg7 7.Be3 c5 8.Rc1 Qa5
9.Qd2 O-O 10.Nf3 Bg4 11.d5 Na6 12.Be2 c4 13.Bd4 Nc5 14.Bxg7 Kxg7 15.Bxc4 Nxe4
16.Qd4+ Nf6 17.Ne5 Qb6 18.Qxb6 axb6 19.f3 Bc8 20.Nd3 Ne8 21.Bb3 Nd6 22.c4 Bf5
23.Nf2 Rfc8 24.g4 Bd7 25.Kd2 Rc7 26.Rhe1 Kf8 27.Rc3 Rac8 28.Rec1 f5 29.g5 Nf7
30.h4 e5 31.dxe6 Bxe6 32.Nd3 Rd8 33.Ke3 Re7  1/2-1/2

[Event "24th ECC"]
[Site "Kallithea GRE"]
[Date "2008.10.22"]
[Round "6"]
[White "Grabliauskas,V"]
[Black "Zickus,S"]
[Result "1-0"]
[WhiteElo "2427"]
[BlackElo "2315"]

1.d4 Nf6 2.c4 g6 3.Nc3 d5 4.cxd5 Nxd5 5.e4 Nxc3 6.bxc3 Bg7 7.Be3 c5 8.Qd2 Qa5
9.Rb1 cxd4 10.cxd4 Qxd2+ 11.Kxd2 O-O 12.Nf3 Rd8 13.Bd3 b6 14.Rhc1 Ba6 15.Rc2 Bxd3
16.Kxd3 Nd7 17.Ke2 Nf6 18.Nd2 Ng4 19.e5 f6 20.f4 Rdc8 21.Rbc1 Rxc2 22.Rxc2 Nxh2
23.Rc7 Kf8 24.Ne4 Ng4 25.Bc1 fxe5 26.fxe5 Nh6 27.Kd3 Nf5 28.g4 Rd8 29.gxf5 Bxe5
30.Rc4 gxf5 31.Ng5 Rd7 32.Nxh7+ Kg7 33.Ng5 Bf6 34.Ne6+ Kf7 35.Rc6 Bxd4 36.Nxd4 e5
37.Bb2 Ke7 38.Re6+  1-0

[Event "24th ECC"]
[Site "Kallithea GRE"]
[Date "2008.10.22"]
[Round "6"]
[White "Eames,R"]
[Black "Akhayan,R"]
[Result "1/2-1/2"]
[WhiteElo "2329"]
[BlackElo "2262"]

1.d4 Nf6 2.c4 g6 3.Nc3 d5 4.cxd5 Nxd5 5.e4 Nxc3 6.bxc3 Bg7 7.Bc4 c5 8.Ne2 Nc6
9.Be3 O-O 10.O-O Qc7 11.Rc1 Rd8 12.Bf4 Qd7 13.dxc5 Qe8 14.Bd5 Bd7 15.Qd3 e6
16.Bb3 Rac8 17.Bd6 b6 18.cxb6 axb6 19.f4 Na5 20.e5 Bc6 21.Nd4 Nb7 22.f5 exf5
23.Nxf5 gxf5 24.Qxf5 Nxd6 25.exd6 Qe3+ 26.Kh1 Qe4 27.Qh3 Bd7 28.Qg3 Qg4 29.Rxf7 Kh8
30.Qd3 Qg6 31.Qxg6 hxg6 32.Re1 Re8 33.Rd1 Rcd8 34.h3 Rf8 35.Re7 Rf6 36.Bf7 Bf8
37.c4 Rxd6 38.Rxd6 Bxe7 39.Rxb6 g5 40.Bd5 Kg7 41.g4 Be8 42.Rb7 Kf8 43.Kg2 Bf7
44.Rb5 Bxd5+ 45.cxd5 Ra8 46.Kf3 Ra4 47.d6 Bd8 48.Ke3 Kf7 49.Rb8 Ke8 50.Rb7 Ra6
51.d7+ Ke7 52.Ke4 Rxa2 53.Kf5 Kd6 54.Rb3 Ra5+ 55.Kg6 Kxd7 56.Rf3 Ra6+ 57.Kf7 Rd6
58.Rf5 Rh6 59.Rd5+ Kc8 60.Rd3 Rh7+ 61.Kg6 Rc7 62.Kf5 Rc5+ 63.Ke6 Rc6+ 64.Kf7 Kc7
65.Rf3 Rc4 66.Rf5 Rd4 67.h4 gxh4 68.g5 Rd7+ 69.Kf8 Be7+ 70.Kg8 h3 71.g6 h2
72.Rh5 Bf6 73.Rxh2 Rg7+ 74.Kf8 Kd6 75.Rh7 Rxg6 76.Kf7 Rg7+ 77.Rxg7 Bxg7  1/2-1/2